00524nam a2200205Ia 4500003000900000008004100009040001300050040001300063041000800076100001900084100000800103245011500111250001100226260001200237260000900249300001100258300001200269490003100281490000600312IT-RoPAU120407s9999 xx 000 0 und d aIT-RoPAU cIT-RoPAU afra aGregorio Magno csan a"Commentaire sur le Cantique des Cantiques. Intr., trad., notes et index par R. Bélanger. (latino-francese)" aParis  aDu cerf c1984 a151 p. c19,5 cm aSources Chrétiennes, 314 v1